[Event "World Blitz 2016"]
[Site "Doha QAT"]
[Date "2016.12.30"]
[Round "15.54"]
[White "Stratonowitsch, Andre"]
[Black "Tissir, Mohamed"]
[Result "0-1"]
[BlackTitle "IM"]
[WhiteElo "2138"]
[BlackElo "2376"]
[WhiteFideId "24613959"]
[BlackFideId "9000240"]
[EventDate "2016.12.29"]

1. e4 c5 2. Nf3 e6 3. d4 cxd4 4. Nxd4 a6 5. c4 Nf6 6. Nc3 d6 7. Be2 Be7 8. O-O
O-O 9. Be3 Qc7 10. Rc1 b6 11. f4 Bb7 12. Bf3 Nbd7 13. f5 e5 14. Nde2 Nc5 15. Nd5
Qd8 16. Nec3 Nxd5 17. Nxd5 Bxd5 18. cxd5 a5 19. Qd2 h6 20. a3 Nb3 21. Qf2 Nxc1
22. Rxc1 Bg5 23. Bxg5 Qxg5 24. Rc6 Rac8 25. Qxb6 Rxc6 26. Qxc6 Qe3+ 27. Kf1 Rb8
28. Qc2 a4 29. Be2 Qd4 30. Qc3 Rxb2 31. Qxd4 exd4 32. Bd1 Ra2 33. Bxa4 Rxa3 34.
Bd1 Ra2 35. Be2 Kf8 36. h3 Ke7 37. g4 Kf6 38. h4 Ke5 39. Bd3 Kf4 40. g5 hxg5 41.
hxg5 Ke5 0-1

[Event "World Blitz 2016"]
[Site "Doha QAT"]
[Date "2016.12.30"]
[Round "16.5"]
[White "Morozevich, Alexander"]
[Black "Bosiocic, Marin"]
[Result "1-0"]
[WhiteTitle "GM"]
[BlackTitle "GM"]
[WhiteElo "2676"]
[BlackElo "2591"]
[WhiteFideId "4116992"]
[BlackFideId "14507927"]
[EventDate "2016.12.29"]

1. e4 c5 2. Nf3 e6 3. g3 Nc6 4. Bg2 Nf6 5. d3 Be7 6. O-O d6 7. Ng5 h6 8. Nh3 e5
9. f4 Bg4 10. Qd2 Nd4 11. Kh1 h5 12. Nf2 h4 13. Nxg4 Nxg4 14. c3 hxg3 15. cxd4
Nxh2 16. Kg1 cxd4 17. Qe1 Bh4 18. Nd2 Qe7 19. Nc4 O-O-O 20. fxe5 Nxf1 21. Qxf1
dxe5 22. Qf5+ Kb8 23. Qxe5+ Qxe5 24. Nxe5 Rc8 25. Bf4 Ka8 26. Nf3 Rc2 27. Rb1 f6
28. Nxd4 Rcc8 29. Nf5 g5 30. Be3 Rc2 31. d4 g4 32. d5 Bg5 33. Bxg5 fxg5 34. Rd1
Re2 35. d6 Rh2 36. Bf1 Rd2 1-0

[Event "World Blitz 2016"]
[Site "Doha QAT"]
[Date "2016.12.30"]
[Round "16.8"]
[White "Cheparinov, Ivan"]
[Black "Artemiev, Vladislav"]
[Result "1/2-1/2"]
[WhiteTitle "GM"]
[BlackTitle "GM"]
[WhiteElo "2689"]
[BlackElo "2653"]
[WhiteFideId "2905540"]
[BlackFideId "24101605"]
[EventDate "2016.12.29"]

1. d4 d5 2. c4 c6 3. Nf3 Nf6 4. e3 Bf5 5. Nc3 e6 6. Nh4 Bg6 7. Qb3 Qc7 8. Nxg6
hxg6 9. g3 Nbd7 10. Bg2 Nb6 11. cxd5 cxd5 12. O-O Be7 13. Bd2 O-O 14. Rfc1 Qd7
15. Be1 Rfc8 16. Ne2 g5 17. h3 Nc4 18. Rc2 Rc6 19. a3 Rac8 20. Rac1 R8c7 21. Qa2
Qc8 22. Qa1 a6 23. Qa2 Nd6 24. Rxc6 Rxc6 25. Rxc6 Qxc6 26. Qb1 Qb5 27. Qc2 Nc4
28. Bc3 Nd6 29. Nc1 Nde4 30. Be1 Nd6 31. Bf1 Qd7 32. Nd3 Nc4 33. a4 Bf8 34. b3
Nd6 35. Ne5 Qd8 36. Bd3 Nd7 37. Nxd7 Qxd7 38. Kg2 f5 39. Ba5 Ne8 40. Bb6 Bd6 41.
Qc3 Nf6 42. Ba5 f4 43. exf4 gxf4 44. g4 Ne4 45. Qc2 Ng5 46. f3 Nf7 47. Be1 Nd8
48. Bf2 Nc6 49. Qe2 Qe7 50. Bb1 Qf6 51. Qd3 Kf8 52. h4 Ke7 53. g5 Qf7 54. Kh3
Qh5 55. Kg2 Qf7 56. Kh3 Qh5 57. Kg2 Qf7 58. Kh3 Qh5 1/2-1/2

[Event "World Blitz 2016"]
[Site "Doha QAT"]
[Date "2016.12.30"]
[Round "16.9"]
[White "Anand, Viswanathan"]
[Black "Mchedlishvili, Mikheil"]
[Result "1/2-1/2"]
[WhiteTitle "GM"]
[BlackTitle "GM"]
[WhiteElo "2779"]
[BlackElo "2601"]
[WhiteFideId "5000017"]
[BlackFideId "13600966"]
[EventDate "2016.12.29"]

1. Nf3 d5 2. g3 Bg4 3. Bg2 c6 4. c4 e6 5. O-O Nd7 6. cxd5 exd5 7. d3 Ngf6 8. Nc3
Bc5 9. h3 Bxf3 10. Bxf3 O-O 11. e4 dxe4 12. dxe4 Qc7 13. Kg2 Rfe8 14. Qc2 Qe5
15. Bf4 Qe7 16. Kh2 Ne5 17. Bg2 Bd4 18. Ne2 Bb6 19. Bxe5 Qxe5 20. f4 Qe6 21. Nc3
Bd4 22. e5 Bxc3 23. bxc3 Nd5 24. Rae1 Qe7 25. c4 Nb4 26. Qb3 Rad8 27. Rd1 Na6
28. Rxd8 Rxd8 29. f5 Nc5 30. Qe3 f6 31. e6 Rd3 32. Qf4 Qd6 33. Qg4 Rd2 34. Re1
Qe7 35. Qf4 Rd8 36. Qf3 Nd3 37. Rd1 Ne5 38. Rxd8+ Qxd8 39. Qa3 a6 40. Qb4 Qc7
41. c5 Qe7 42. Qd4 Kf8 43. Be4 Qc7 44. Kg2 Ke7 45. g4 Qd8 46. Qb2 Qc7 47. Kf1 h6
48. Ke2 Nc4 49. Qd4 Ne5 50. Bd3 Qb8 51. Kd1 Qc7 52. Be2 Qb8 53. Kc2 Qc7 54. h4
Ke8 55. g5 hxg5 56. hxg5 Qa5 57. Bh5+ g6 58. fxg6 Qxa2+ 59. Kd1 Qb1+ 60. Ke2
Qc2+ 61. Kf1 Qc1+ 62. Qd1 Qc4+ 63. Qe2 Qf4+ 64. Ke1 Qc1+ 65. Qd1 Qe3+ 66. Qe2
Qc1+ 1/2-1/2

[Event "World Blitz 2016"]
[Site "Doha QAT"]
[Date "2016.12.30"]
[Round "16.12"]
[White "Korobov, Anton"]
[Black "Lu, Shanglei"]
[Result "1-0"]
[WhiteTitle "GM"]
[BlackTitle "GM"]
[WhiteElo "2692"]
[BlackElo "2627"]
[WhiteFideId "14105730"]
[BlackFideId "8603332"]
[EventDate "2016.12.29"]

1. d4 f5 2. Bg5 g6 3. e3 Bg7 4. Nf3 Nf6 5. c4 d6 6. Nc3 O-O 7. Be2 c6 8. O-O h6
9. Bh4 Qe8 10. d5 Na6 11. Nd4 Bd7 12. Rc1 Rc8 13. a3 g5 14. Bg3 Nc5 15. f3 cxd5
16. cxd5 Qf7 17. b4 Na6 18. Qb3 f4 19. Bf2 fxe3 20. Bxe3 Nc7 21. Bc4 Kh8 22. a4
Qg6 23. Rcd1 Na8 24. a5 a6 25. Rfe1 Rc7 26. Bd3 Qh5 27. Ne6 Bxe6 28. dxe6 Rcc8
29. Nd5 Nxd5 30. Qxd5 Qh4 31. Bf2 Qxb4 32. Rb1 Qa4 33. Qxb7 Nc7 34. Rec1 Qxa5
35. Qe4 1-0

[Event "World Blitz 2016"]
[Site "Doha QAT"]
[Date "2016.12.30"]
[Round "16.13"]
[White "Amin, Bassem"]
[Black "Nepomniachtchi, Ian"]
[Result "0-1"]
[WhiteTitle "GM"]
[BlackTitle "GM"]
[WhiteElo "2662"]
[BlackElo "2767"]
[WhiteFideId "10601457"]
[BlackFideId "4168119"]
[EventDate "2016.12.29"]

1. e4 c5 2. Nf3 d6 3. g3 Nc6 4. Bg2 g6 5. O-O Bg7 6. c3 e5 7. d3 Nge7 8. a3 O-O
9. b4 b6 10. Nbd2 h6 11. Bb2 Kh7 12. Nc4 Be6 13. b5 Nb8 14. a4 Qc7 15. Nfd2 Nd7
16. f4 exf4 17. gxf4 d5 18. Ne3 d4 19. cxd4 cxd4 20. Nec4 Nc5 21. Qe2 Rad8 22.
a5 Bd7 23. axb6 axb6 24. f5 gxf5 25. exf5 Nxf5 26. Ne4 Rde8 27. Qh5 Nxe4 28.
Bxe4 Rxe4 29. dxe4 Qxc4 30. exf5 Bf6 31. Ra3 Bxb5 32. Rf2 Qb4 33. Rg3 Qe1+ 34.
Kg2 Bc6+ 35. Rff3 Qe2+ 36. Kh3 Bxf3 37. Rxf3 Qxb2 38. Rg3 Qc1 39. Qf3 b5 0-1

[Event "World Blitz 2016"]
[Site "Doha QAT"]
[Date "2016.12.30"]
[Round "16.14"]
[White "Dreev, Aleksey"]
[Black "Onischuk, Vladimir"]
[Result "0-1"]
[WhiteTitle "GM"]
[BlackTitle "GM"]
[WhiteElo "2652"]
[BlackElo "2601"]
[WhiteFideId "4100107"]
[BlackFideId "14114038"]
[EventDate "2016.12.29"]

1. d4 d6 2. Nf3 g6 3. g3 Bg7 4. Bg2 Nf6 5. O-O O-O 6. b3 c6 7. Bb2 Nbd7 8. Nbd2
a5 9. a4 b6 10. e4 Qc7 11. Re1 Ne8 12. e5 dxe5 13. dxe5 Nc5 14. Nd4 Bb7 15. Nc4
Rd8 16. Qe2 Bh6 17. Qg4 Na6 18. Rad1 Bg7 19. h4 h5 20. Qe2 Nb4 21. Be4 Ba6 22.
c3 Nd5 23. Qf3 e6 24. Ba3 c5 25. Nb5 Bxb5 26. axb5 Qb7 27. Bc1 Nec7 28. Nd6 Qb8
29. c4 Bxe5 30. cxd5 Rxd6 31. Bc2 Bg7 32. Bf4 e5 33. Rxe5 Nxb5 34. Ree1 Nd4 35.
Qd3 Qd8 36. Bxd6 Qxd6 37. Qc4 b5 38. Qd3 a4 39. bxa4 c4 40. Qe4 Qc5 41. axb5
Nxb5 42. d6 Nc3 43. Qe7 Nxd1 44. Rxd1 Be5 45. Qd7 Bxg3 46. Rd2 Bxh4 47. Kf1 c3
48. Rd3 Qxf2# 0-1

[Event "World Blitz 2016"]
[Site "Doha QAT"]
[Date "2016.12.30"]
[Round "16.15"]
[White "Inarkiev, Ernesto"]
[Black "Yu, Yangyi"]
[Result "0-1"]
[WhiteTitle "GM"]
[BlackTitle "GM"]
[WhiteElo "2709"]
[BlackElo "2729"]
[WhiteFideId "4162722"]
[BlackFideId "8603820"]
[EventDate "2016.12.29"]

1. d4 Nf6 2. Nf3 d5 3. c4 e6 4. g3 Bb4+ 5. Bd2 Be7 6. Bg2 O-O 7. O-O c6 8. Qc2
b6 9. Bf4 Nbd7 10. Rd1 Ba6 11. cxd5 cxd5 12. Ne5 Nxe5 13. dxe5 Ng4 14. h3 Rc8
15. Nc3 Nxf2 16. Kxf2 Bc5+ 17. Ke1 f6 18. Qa4 fxe5 19. Bxe5 Bc4 20. Qxc4 Bf2+
21. Kf1 Rxc4 22. Bf3 Qg5 23. Kxf2 Qxe5 24. Rd3 b5 25. Rad1 b4 26. Na4 h5 27.
R1d2 h4 28. gxh4 Qh2+ 29. Kf1 Rc1+ 30. Rd1 Rxd1+ 31. Rxd1 Qh1+ 0-1

[Event "World Blitz 2016"]
[Site "Doha QAT"]
[Date "2016.12.30"]
[Round "16.16"]
[White "Riazantsev, Alexander"]
[Black "Najer, Evgeniy"]
[Result "0-1"]
[WhiteTitle "GM"]
[BlackTitle "GM"]
[WhiteElo "2671"]
[BlackElo "2679"]
[WhiteFideId "4125029"]
[BlackFideId "4118987"]
[EventDate "2016.12.29"]

1. d4 d5 2. c4 c6 3. e3 Nf6 4. Nc3 e6 5. Bd3 Nbd7 6. b3 Bb4 7. Bd2 O-O 8. f4
dxc4 9. bxc4 Nc5 10. Bc2 Bxc3 11. Bxc3 Nce4 12. Ne2 b5 13. Bb4 Re8 14. O-O bxc4
15. Rc1 Rb8 16. Nc3 Rxb4 17. Nxe4 Nxe4 18. Bxe4 Qd6 19. Qh5 g6 20. Qa5 Rb6 21.
Rf2 Ba6 22. h4 Bb5 23. h5 Ra6 24. Qd2 Ra3 25. hxg6 hxg6 26. Rf3 c5 27. Qb2 cxd4
28. Qxb5 Rb8 29. Qxc4 Rxe3 30. Rxe3 dxe3 31. Qc7 Qxc7 32. Rxc7 Rb4 33. Bd3 Rxf4
34. Rxa7 Rd4 35. Be2 f5 36. a4 Rd2 37. Bc4 Kf8 38. a5 Rc2 39. Bb5 Rb2 40. Rb7
Rb1+ 41. Kh2 e2 42. Rb8+ Kg7 43. Bxe2 Rxb8 44. a6 Rb4 45. Bf3 Ra4 46. Bb7 Ra3
47. Kg1 e5 48. Kf2 e4 49. Ke2 Kf6 0-1

[Event "World Blitz 2016"]
[Site "Doha QAT"]
[Date "2016.12.30"]
[Round "16.17"]
[White "Bu, Xiangzhi"]
[Black "Vallejo Pons, Francisco"]
[Result "0-1"]
[WhiteTitle "GM"]
[BlackTitle "GM"]
[WhiteElo "2705"]
[BlackElo "2711"]
[WhiteFideId "8601445"]
[BlackFideId "2205530"]
[EventDate "2016.12.29"]

1. Nf3 e6 2. c4 b6 3. Nc3 Bb7 4. d4 Bb4 5. e3 Nf6 6. Bd3 Ne4 7. Qc2 Bxc3+ 8.
bxc3 f5 9. O-O O-O 10. Ne1 Nc6 11. f3 Nd6 12. Ba3 Na5 13. c5 Ndc4 14. Qc1 Nxa3
15. Qxa3 Rf6 16. Nc2 Rh6 17. Rf2 Qh4 18. g3 Qh5 19. e4 Rf8 20. Raf1 fxe4 21.
fxe4 Rxf2 22. Rxf2 Qd1+ 23. Bf1 Rf6 24. Rxf6 gxf6 25. cxb6 Qxc2 26. Qe7 Qxe4 27.
Qe8+ Kg7 28. Qe7+ Kg6 29. Qe8+ Kg7 30. Qe7+ Kg6 31. Qe8+ Kh6 32. Qf8+ Kg5 33.
Qg7+ Qg6 34. Qxd7 axb6 35. Qxe6 Kh6 36. Qe7 Qg7 37. Qe3+ Qg5 38. Qe7 Nc6 39. Qe8
Qg6 40. Qe3+ Kg7 41. Qe6 Nd8 42. Qd7+ Nf7 43. Kf2 Qc2+ 44. Ke3 Qxc3+ 45. Bd3 Ba6
46. Qg4+ Ng5 47. Qd7+ Kh6 48. Qe7 Qxd3+ 49. Kf2 Qf1+ 50. Ke3 Qe2+ 0-1

[Event "World Blitz 2016"]
[Site "Doha QAT"]
[Date "2016.12.30"]
[Round "16.18"]
[White "Khusnutdinov, Rustam"]
[Black "Aronian, Levon"]
[Result "0-1"]
[WhiteTitle "GM"]
[BlackTitle "GM"]
[WhiteElo "2458"]
[BlackElo "2785"]
[WhiteFideId "13701703"]
[BlackFideId "13300474"]
[EventDate "2016.12.29"]

1. Nc3 c5 2. Nf3 d6 3. d4 cxd4 4. Nxd4 Nf6 5. e4 e6 6. Bc4 Be7 7. g4 h6 8. Be3
a6 9. Bb3 b5 10. f3 b4 11. Nce2 a5 12. Qd2 a4 13. Bc4 Qc7 14. Bb5+ Bd7 15. c4
bxc3 16. Nxc3 Na6 17. Bxa4 Nc5 18. Bxd7+ Qxd7 19. b4 Na4 20. Nce2 Nb6 21. Qd3 d5
22. e5 Nh7 23. O-O Nc4 24. f4 Ra3 25. Nb3 Bxb4 26. Bd4 O-O 27. f5 Ng5 28. Ng3
Nd2 29. h4 Nxf1 30. Rxf1 Ne4 31. Nxe4 dxe4 32. Qxe4 exf5 33. gxf5 Rxa2 34. Qg4
Kh7 35. Rd1 Qc6 36. e6 f6 37. Qg6+ Kg8 38. Bxf6 Rxf6 39. Rd8+ Bf8 40. e7 Rxg6+ 0-1

[Event "World Blitz 2016"]
[Site "Doha QAT"]
[Date "2016.12.30"]
[Round "16.19"]
[White "Mamedov, Rauf"]
[Black "Li, Chao b"]
[Result "1-0"]
[WhiteTitle "GM"]
[BlackTitle "GM"]
[WhiteElo "2688"]
[BlackElo "2720"]
[WhiteFideId "13401653"]
[BlackFideId "8604436"]
[EventDate "2016.12.29"]

1. e4 c5 2. Nf3 d6 3. Nc3 Nf6 4. e5 dxe5 5. Nxe5 Nbd7 6. d4 Nxe5 7. dxe5 Qxd1+
8. Kxd1 Ng4 9. Bb5+ Bd7 10. e6 Bxb5 11. Nxb5 O-O-O+ 12. Ke2 a6 13. Nc3 fxe6 14.
Ne4 Rd5 15. Bf4 Rf5 16. Bg3 Nf6 17. Nd2 g5 18. a4 Bg7 19. Nc4 Nd5 20. c3 Nf4+
21. Bxf4 Rxf4 22. Ne3 Be5 23. f3 h5 24. h3 Rff8 25. Nc4 Bc7 26. Nd2 Rhg8 27. g4
hxg4 28. hxg4 b6 29. Ne4 Bf4 30. a5 bxa5 31. Rxa5 Rh8 32. Rxh8 Rxh8 33. Rxc5+
Kb7 34. b4 e5 35. Ra5 Rh2+ 36. Kd3 Kb6 37. Nc5 Rd2+ 38. Kc4 Rf2 39. Rxa6+ Kc7
40. b5 Rxf3 41. b6+ 1-0

[Event "World Blitz 2016"]
[Site "Doha QAT"]
[Date "2016.12.30"]
[Round "16.20"]
[White "Amonatov, Farrukh"]
[Black "Fressinet, Laurent"]
[Result "1-0"]
[WhiteTitle "GM"]
[BlackTitle "GM"]
[WhiteElo "2620"]
[BlackElo "2672"]
[WhiteFideId "14700077"]
[BlackFideId "608742"]
[EventDate "2016.12.29"]

1. e4 e5 2. Nf3 Nc6 3. Nc3 Nf6 4. g3 Bb4 5. Bg2 Bxc3 6. dxc3 d6 7. Nd2 Be6 8.
O-O Qd7 9. Re1 Bh3 10. Nf1 h5 11. Bg5 Nh7 12. Bd2 h4 13. Bxh3 Qxh3 14. g4 Nf6
15. f3 O-O-O 16. Bg5 d5 17. Bxf6 gxf6 18. Qe2 Ne7 19. Qg2 Qxg2+ 20. Kxg2 Ng6 21.
Kf2 Nf4 22. Rad1 c6 23. Ne3 Rd7 24. exd5 cxd5 25. Ng2 Ng6 26. h3 Rhd8 27. f4 d4
28. f5 Ne7 29. cxd4 Nc6 30. Nxh4 Nxd4 31. c3 Nc6 32. Rxd7 Rxd7 33. Nf3 Rd8 34.
h4 Rg8 35. g5 fxg5 36. hxg5 f6 37. Kg3 Kd7 38. Kg4 Ke7 39. Rh1 e4 40. Re1 fxg5
41. Rxe4+ Kd6 42. Re6+ Kd5 43. Rg6 Re8 44. Rg7 b5 45. Rd7+ Kc5 46. f6 Rf8 47. f7
Nd8 48. Nxg5 Kc6 49. Rxd8 Rxd8 50. Ne6 1-0

[Event "World Blitz 2016"]
[Site "Doha QAT"]
[Date "2016.12.30"]
[Round "16.21"]
[White "Tomashevsky, Evgeny"]
[Black "Ganguly, Surya Shekhar"]
[Result "1-0"]
[WhiteTitle "GM"]
[BlackTitle "GM"]
[WhiteElo "2716"]
[BlackElo "2668"]
[WhiteFideId "4147235"]
[BlackFideId "5002150"]
[EventDate "2016.12.29"]

1. c4 e6 2. Nc3 d5 3. d4 Nf6 4. cxd5 exd5 5. Bg5 c6 6. e3 Bf5 7. Qf3 Bg6 8. Bxf6
Qxf6 9. Qxf6 gxf6 10. Nf3 Nd7 11. Nh4 Be7 12. g3 Nb6 13. O-O-O Nc8 14. Bd3 Nd6
15. Ng2 Bxd3 16. Rxd3 f5 17. Nf4 a5 18. Kd1 a4 19. Ke2 Kd7 20. Rdd1 b5 21. Nd3
Kc7 22. Rc1 Kb6 23. Nb1 Nc4 24. Rc2 Rhc8 25. Rhc1 f6 26. Nd2 Kc7 27. Nf3 Kd7 28.
Nh4 Ke6 29. Nf4+ Kf7 30. Nxf5 Bf8 31. Nd3 b4 32. b3 Na5 33. Rb1 axb3 34. axb3
Nb7 35. Nf4 Ra6 36. Nxd5 Ke6 37. e4 Rca8 38. Nc7+ 1-0

[Event "World Blitz 2016"]
[Site "Doha QAT"]
[Date "2016.12.30"]
[Round "16.22"]
[White "Mareco, Sandro"]
[Black "Bortnyk, Olexandr"]
[Result "0-1"]
[WhiteTitle "GM"]
[BlackTitle "GM"]
[WhiteElo "2635"]
[BlackElo "2581"]
[WhiteFideId "112275"]
[BlackFideId "14120828"]
[EventDate "2016.12.29"]

1. Nf3 d6 2. d4 Nf6 3. c4 g6 4. Nc3 Bg7 5. e4 O-O 6. Be2 a6 7. O-O Nbd7 8. Re1
e5 9. Bf1 exd4 10. Nxd4 Re8 11. f3 Nc5 12. Be3 Bd7 13. Qd2 Qe7 14. Rad1 Qf8 15.
Kh1 Rac8 16. b4 Ne6 17. Nb3 b6 18. Nd5 Nd8 19. c5 Nxd5 20. exd5 bxc5 21. bxc5
Bb5 22. Bxb5 axb5 23. c6 Ra8 24. Bd4 f6 25. Bc3 Rxe1+ 26. Rxe1 Bh6 27. Qe2 Nf7
28. Nd4 b4 29. Bxb4 Bf4 30. g3 Be5 31. Ne6 Qb8 32. a3 f5 33. f4 Bf6 34. Qc4 h5
35. h4 Nh6 36. Bc3 Ra4 37. Qxa4 Bxc3 38. Re2 Ng4 39. Ng5 Bf6 40. Kg2 Kg7 41. Qb4
Qa7 42. Qb7 Qa5 43. Qb3 Qa6 44. Qf3 Qc4 45. Ne6+ Kh6 46. Nxc7 Bd4 47. Ne6 Bb6
48. Ng5 Qc1 49. Qf1 Qc4 50. Qd1 Bd4 51. Re7 Qxd5+ 52. Qf3 Qa2+ 53. Qe2 Qd5+ 0-1

[Event "World Blitz 2016"]
[Site "Doha QAT"]
[Date "2016.12.30"]
[Round "16.23"]
[White "Adly, Ahmed"]
[Black "Flores, Diego"]
[Result "1-0"]
[WhiteTitle "GM"]
[BlackTitle "GM"]
[WhiteElo "2599"]
[BlackElo "2579"]
[WhiteFideId "10601619"]
[BlackFideId "108049"]
[EventDate "2016.12.29"]

1. Nf3 c5 2. g3 Nc6 3. Bg2 g6 4. O-O Bg7 5. e4 e5 6. c3 Nge7 7. a3 O-O 8. b4 d6
9. d3 h6 10. Nbd2 Be6 11. Nc4 d5 12. Ncd2 d4 13. c4 cxb4 14. axb4 Nxb4 15. Ba3
Nec6 16. Ne1 a5 17. f4 exf4 18. gxf4 f5 19. Kh1 Kh7 20. Qe2 Qd7 21. e5 Rfe8 22.
Nb3 b6 23. Bxb4 Nxb4 24. Bxa8 Rxa8 25. Nf3 Nc6 26. Rg1 Bf7 27. Qg2 Rg8 28. Qh3
Bf8 29. Ng5+ Kg7 30. Nxf7 Kxf7 31. Qf3 Bb4 32. Qd5+ Qe6 33. Qf3 Bc3 34. Ra2 Nb4
35. Rag2 Qc6 36. Qxc6 Nxc6 37. Nc1 Bb4 38. Na2 Bc5 39. Rb1 Nd8 40. Rf2 Ne6 41.
Nc1 a4 42. Ra1 Ra8 43. Kg2 Bb4 44. Rb1 Bc5 45. h4 Ra6 46. Kf3 Be7 47. Rh2 a3 48.
Na2 Bc5 49. Rg2 Be7 50. Rbg1 b5 51. cxb5 Rb6 52. Rb1 Bxh4 53. Rc2 Be7 54. Rc6
Rb8 55. b6 g5 56. fxg5 hxg5 57. b7 g4+ 58. Kg3 Bg5 59. Rf1 Ke7 60. Rxf5 Rxb7 61.
Ra6 Rb3 62. Ra7+ Ke8 63. Kxg4 Be7 64. Rf3 Rb2 65. Nc1 Rb1 66. Ne2 Re1 67. Nf4
Rxe5 68. Rxe7+ Kxe7 69. Ng6+ Kd6 70. Nxe5 Kxe5 71. Rf5+ Kd6 72. Ra5 Nc5 73. Rxa3
Kc6 74. Kf3 Kb5 75. Ke2 Kb4 76. Ra1 Nb3 77. Ra8 Kc3 78. Rc8+ Kb2 79. Rc4 Nc1+
80. Kd1 Nxd3 81. Kd2 Ne5 82. Rc5 Nf3+ 83. Ke2 Ng1+ 84. Kf2 Nh3+ 85. Kf3 Ng1+ 86.
Kf2 Nh3+ 87. Ke2 Nf4+ 88. Kd2 Kb3 89. Rf5 Ne6 90. Kd3 Kb4 91. Re5 Nc5+ 92. Kxd4
Nb3+ 93. Kd5 Kb5 94. Re8 Kb4 95. Rc8 Nd2 96. Rc2 Nb3 97. Rc4+ Kb5 98. Rh4 Nd2
99. Rh8 Kb4 100. Rh3 Nb3 101. Rd3 Nc5 102. Rd4+ Kb5 103. Rd1 Nb3 104. Rh1 Kb4
105. Rh3 Nc5 106. Rh4+ Kb5 107. Rh8 Na4 108. Rb8+ Nb6+ 109. Kd6 Ka5 110. Kc6 Na4
111. Rb5+ Ka6 112. Rh5 Nc3 113. Kc5 Na4+ 114. Kc6 Nc3 115. Rg5 Na4 116. Rh5 Nc3
117. Kc5 Na4+ 118. Kb4 Nb6 119. Rh6 Kb7 120. Kb5 Nd5 121. Rh7+ Nc7+ 122. Kc5 Kc8
123. Kd6 Nb5+ 124. Kc6 Nd4+ 125. Kc5 Ne6+ 126. Kd6 Nd4 127. Rh5 Kb8 128. Rd5 Nc2
129. Kc5 Kb7 130. Rd2 Ne3 131. Rd3 Nf5 132. Rd5 Ne3 133. Re5 Ng4 134. Re6 Kc7
135. Re7+ Kd8 136. Rf7 Ne5 137. Rf5 Nd7+ 138. Kd6 Ke8 139. Rf1 Nf8 140. Rf2 Nd7
141. Ra2 Nf6 142. Ke6 Nd7 143. Ra8+ Nb8 144. Rxb8# 1-0

[Event "World Blitz 2016"]
[Site "Doha QAT"]
[Date "2016.12.30"]
[Round "16.24"]
[White "Volokitin, Andrei"]
[Black "Melkumyan, Hrant"]
[Result "0-1"]
[WhiteTitle "GM"]
[BlackTitle "GM"]
[WhiteElo "2649"]
[BlackElo "2633"]
[WhiteFideId "14107090"]
[BlackFideId "13302485"]
[EventDate "2016.12.29"]

1. e4 c5 2. Nf3 Nc6 3. d4 cxd4 4. Nxd4 g6 5. c4 Nf6 6. Nc3 d6 7. Be2 Nxd4 8.
Qxd4 Bg7 9. Be3 O-O 10. Qd2 a5 11. f3 a4 12. Rc1 Qa5 13. Rc2 Be6 14. Nd5 Nxd5
15. cxd5 Rfc8 16. Qxa5 Rxa5 17. Kd2 Rxc2+ 18. Kxc2 Bd7 19. Kb1 f5 20. Rc1 fxe4
21. fxe4 Kf7 22. Bb6 Ra8 23. Rc7 Bc8 24. Be3 Bf6 25. h3 a3 26. b3 h5 27. g4 hxg4
28. hxg4 g5 29. Kc2 Ke8 30. Kd1 Kd8 31. Bb6 Ke8 32. Ke1 Rb8 33. Ba7 Ra8 34. Bb6
Be5 35. Kf2 Kf7 36. Kf3 Bf6 37. Bb5 Be5 38. Be3 Bf6 39. Bd2 b6 40. Be3 Ba6 41.
Bd7 Rh8 0-1

[Event "World Blitz 2016"]
[Site "Doha QAT"]
[Date "2016.12.30"]
[Round "16.25"]
[White "Bologan, Victor"]
[Black "Vitiugov, Nikita"]
[Result "0-1"]
[WhiteTitle "GM"]
[BlackTitle "GM"]
[WhiteElo "2640"]
[BlackElo "2726"]
[WhiteFideId "13900048"]
[BlackFideId "4152956"]
[EventDate "2016.12.29"]

1. e4 c5 2. Nf3 e6 3. d3 Nc6 4. g3 Nge7 5. Bg2 g6 6. O-O Bg7 7. c3 O-O 8. Na3 d5
9. Qe2 b6 10. e5 Ba6 11. Nc2 b5 12. d4 Qb6 13. b4 cxd4 14. cxd4 Bb7 15. Bf4 a5
16. a3 axb4 17. axb4 Ra4 18. Qd2 Rfa8 19. h4 Rxa1 20. Rxa1 Rxa1+ 21. Nxa1 Qa7
22. Nb3 Qa3 23. Nc5 Bc8 24. Bg5 Nf5 25. Be3 Nxe3 26. Qxe3 Qxe3 27. fxe3 Nxb4 28.
Bf1 Nc2 29. Kf2 Bh6 30. Ng5 b4 31. Bd3 Na3 32. Ke2 Bf8 33. Kd2 Nc4+ 34. Bxc4
dxc4 35. Nge4 Bxc5 36. Nxc5 Kf8 37. e4 Ke7 38. d5 exd5 39. exd5 Bf5 40. d6+ Ke8
41. Ke3 b3 42. Na4 c3 43. Nxc3 b2 44. Kf4 b1=Q 45. Nxb1 Bxb1 46. Kg5 h5 47. g4
hxg4 48. Kxg4 Kd7 49. h5 gxh5+ 50. Kxh5 Ke6 51. Kg5 Be4 52. Kf4 Bc6 0-1

[Event "World Blitz 2016"]
[Site "Doha QAT"]
[Date "2016.12.30"]
[Round "16.26"]
[White "Henriquez Villagra, Cristobal"]
[Black "Matlakov, Maxim"]
[Result "0-1"]
[WhiteTitle "IM"]
[BlackTitle "GM"]
[WhiteElo "2517"]
[BlackElo "2694"]
[WhiteFideId "3409350"]
[BlackFideId "4168003"]
[EventDate "2016.12.29"]

1. e4 c5 2. Nf3 e6 3. d4 cxd4 4. Nxd4 Nc6 5. Nb5 d6 6. c4 Nf6 7. N1c3 a6 8. Na3
Be7 9. Be2 O-O 10. O-O b6 11. Be3 Bb7 12. Rc1 Ne5 13. f3 Rc8 14. Qd2 Qc7 15.
Rfd1 Rfe8 16. Bf1 h6 17. Kh1 Ba8 18. Qf2 Rb8 19. h3 h5 20. Rc2 h4 21. Bg5 Ng6
22. Rcd2 Red8 23. Nc2 Ng4 24. fxg4 Bxg5 25. Rd4 Bf6 26. R4d2 Bxc3 27. bxc3 Bxe4
28. Nb4 Bb7 29. Bd3 Ne5 30. Qxh4 Nxd3 31. Rxd3 Qxc4 32. Qf2 a5 33. Nc2 Qxa2 34.
Rxd6 Rxd6 35. Rxd6 Be4 36. Rd2 Rf8 37. Ne1 Qa1 38. Qe3 Bd5 39. Kh2 a4 40. Nc2
Qc1 41. Nb4 a3 42. Qd4 Bb7 43. Ra2 Ra8 44. Qxb6 Qf4+ 45. Kg1 Qe4 46. Qf2 Rd8 47.
Ra1 Qc4 48. Kh2 Qxc3 49. Nc2 Rd2 0-1

[Event "World Blitz 2016"]
[Site "Doha QAT"]
[Date "2016.12.30"]
[Round "16.27"]
[White "Belyakov, Bogdan"]
[Black "Naiditsch, Arkadij"]
[Result "0-1"]
[WhiteTitle "IM"]
[BlackTitle "GM"]
[WhiteElo "2487"]
[BlackElo "2687"]
[WhiteFideId "24104795"]
[BlackFideId "4650891"]
[EventDate "2016.12.29"]

1. e4 c5 2. c3 d6 3. d4 Nf6 4. Bd3 g6 5. Nf3 Bg7 6. O-O O-O 7. h3 Nbd7 8. Re1 e5
9. dxe5 Nxe5 10. Nxe5 dxe5 11. Qc2 Nh5 12. a4 Nf4 13. Bxf4 exf4 14. Nd2 Be6 15.
Bc4 Bxc4 16. Nxc4 Qe7 17. f3 Rad8 18. Rad1 Qe6 19. Qe2 b6 20. Kh1 h5 21. Rd3 Bf6
22. e5 Bh4 23. Rxd8 Rxd8 24. Rf1 Rd5 25. Qe4 g5 26. Qc2 Bg3 27. Nd2 Rxe5 28. Ne4
g4 29. Nxg3 fxg3 30. fxg4 hxg4 31. Qd3 Re1 32. Qd8+ Kh7 33. Qh4+ Kg6 34. Qxg3
Rxf1+ 35. Kh2 f6 36. Qd3+ Qf5 0-1